| 000 | 00977nam a2200289 a 4500 | ||
|---|---|---|---|
| 001 | 3077350 | ||
| 003 | ARRUPE | ||
| 005 | 20220405084818.0 | ||
| 008 | 961218s1996 enk b 000 0 eng d | ||
| 010 | _a 97135067 | ||
| 020 | _a0140176195 (pbk.) | ||
| 035 | _a(OCoLC)36109311 | ||
| 040 |
_aOU _cOU _dWaS _dDLC |
||
| 042 | _alccopycat | ||
| 050 | 0 | 4 |
_aPN6121 _b.P39 1996 |
| 082 | 0 | 0 |
_a808.85 _221 |
| 245 | 0 | 4 |
_aThe Penguin book of historic speeches / _cedited by Brian MacArthur. |
| 246 | 3 | _aHistoric speeches | |
| 260 |
_aLondon ; _aNew York, N.Y., USA : _bPenguin Books, _c1996. |
||
| 300 |
_axxiii, 503 p. ; _c25 cm. |
||
| 504 | _aIncludes bibliographical references (p. [501]-503). | ||
| 650 | 0 |
_aSpeeches, addresses, etc. _95275 |
|
| 700 | 1 |
_aMacArthur, Brian. _951171 |
|
| 906 |
_a7 _bcbc _ccopycat _d2 _encip _f19 _gy-gencatlg |
||
| 942 |
_2lcc _cMONOGRAPH |
||
| 999 |
_c131232 _d131232 |
||